000 00603nam a22002177a 4500
003 UA-OsUOA
001 42866
007 ta
008 20061127b un ||||| |||| 00| 0 ukr d
100 _aКорж В.
090 _a330(477)
_bК-11
942 _cSA
040 _aUA-OsUOA
_bukr
_cUA-OsUOA
_dUA-OsUOA
245 _aРезюме про ПДВ, або Фінансові маніпуляції на тлі політичних спекуляцій
300 _aС.3
955 _a0
041 _aukr
080 _a330(477)
773 0 _w42865
650 7 _a330 Економіка взагалі
_2UDC
999 _c328986
_d328986